Progress in medicinal chemistry / (Record no. 84129)
[ view plain ]
| 000 -LEADER | |
|---|---|
| fixed length control field | 01386nam a2200421 a 4500 |
| 001 - CONTROL NUMBER | |
| control field | 84129 |
| 003 - CONTROL NUMBER IDENTIFIER | |
| rucl marc code | BD-RjUL |
| 005 - DATE AND TIME OF LATEST TRANSACTION | |
| control field | 20241020114602.0 |
| 008 - FIXED-LENGTH DATA ELEMENTS--GENERAL INFORMATION | |
| fixed length control field | 241020s1967 enk x b 0 a0eng c |
| 035 ## - SYSTEM CONTROL NUMBER | |
| System control number | (BD-RjUL)84129 |
| 040 ## - CATALOGING SOURCE | |
| Original cataloging agency | MUL |
| Language of cataloging | eng |
| Transcribing agency | MUL |
| Modifying agency | COO |
| -- | DLC |
| -- | BD-RjUL |
| 041 ## - LANGUAGE CODE | |
| Language code of text/sound track or separate title | eng |
| 082 04 - DEWEY DECIMAL CLASSIFICATION NUMBER | |
| Classification number | 615.19082 |
| Author mark and year | PRO 1967 |
| 130 0# - MAIN ENTRY--UNIFORM TITLE | |
| Uniform title | Progress in medicinal chemistry (1961) |
| 9 (RLIN) | 13847 |
| 245 10 - TITLE STATEMENT | |
| Title | Progress in medicinal chemistry / |
| Statement of responsibility, etc. | Edited by G. P. Ellis, G. B. West |
| 246 30 - VARYING FORM OF TITLE | |
| Title proper/short title | Medicinal chemistry |
| 260 ## - PUBLICATION, DISTRIBUTION, ETC. (IMPRINT) | |
| Place of publication, distribution, etc. | London: |
| Name of publisher, distributor, etc. | Butterworths, |
| Date of publication, distribution, etc. | 1967 |
| 300 ## - PHYSICAL DESCRIPTION | |
| Pagination | volumes : |
| Illustrations | illustrations ; |
| Size | 26 cm |
| 336 ## - CONTENT TYPE | |
| Content type term | text |
| Content type code | txt |
| Source | rdacontent |
| 337 ## - MEDIA TYPE | |
| Media type term | unmediated |
| Media type code | n |
| Source | rdamedia |
| 338 ## - CARRIER TYPE | |
| Carrier type term | volume |
| Carrier type code | nc |
| Source | rdacarrier |
| 505 01 - FORMATTED CONTENTS NOTE | |
| Formatted contents note | Vol. 5-- |
| 510 2# - CITATION/REFERENCES NOTE | |
| Name of source | Chemical abstracts |
| International Standard Serial Number | 0009-2258 |
| 588 ## - SOURCE OF DESCRIPTION NOTE | |
| Source of description note | Latest issue consulted: Vol. 51 (2012). |
| 650 #0 - SUBJECT ADDED ENTRY--TOPICAL TERM | |
| Topical term or geographic name as entry element | Pharmaceutical chemistry |
| Form subdivision | Periodicals. |
| 9 (RLIN) | 13848 |
| Topical term or geographic name as entry element | Chemistry, Pharmaceutical. |
| 9 (RLIN) | 13849 |
| Topical term or geographic name as entry element | Pharmaceutical chemistry. |
| Source of heading or term | fast |
| Authority record control number | (OCoLC)fst01060115 |
| Topical term or geographic name as entry element | Pharmakologie |
| Source of heading or term | gnd |
| 9 (RLIN) | 13850 |
| Topical term or geographic name as entry element | Pharmazeutische Chemie |
| Source of heading or term | gnd |
| 9 (RLIN) | 13851 |
| Topical term or geographic name as entry element | Pharmakologie. |
| Source of heading or term | swd |
| 9 (RLIN) | 13850 |
| Topical term or geographic name as entry element | Pharmazeutische Chemie. |
| Source of heading or term | swd |
| 9 (RLIN) | 13851 |
| 700 ## - ADDED ENTRY--PERSONAL NAME | |
| Personal name | Ellis, G. P. |
| Personal name | West, G. B. |
| 942 ## - ADDED ENTRY ELEMENTS (KOHA) | |
| Source of classification or shelving scheme | Dewey Decimal Classification |
| Koha item type | Books |
| Lost status | Source of classification or shelving scheme | Damaged status | Not for loan | Collection code | Permanent Location | Current Location | Shelving location | Date acquired | Source of acquisition | Total Checkouts | Full call number | Date last seen | Copy number | Koha item type |
|---|---|---|---|---|---|---|---|---|---|---|---|---|---|---|
| Dewey Decimal Classification | Not For Loan | Non-fiction | Central Library, University of Rajshahi | Central Library, University of Rajshahi | Reading Room | 25/09/2024 | R.U. | 615.19082 PRO V-5 1967 | 20/10/2024 | C-1 | Books |